[Event "St Petersburg op2"]
[Site "St Petersburg"]
[Date "1994.??.??"]
[Round "5"]
[White "Gorbatov, Alexej"]
[Black "Kavalerov, Aleksandr"]
[Result "1-0"]
[WhiteElo "2415"]
[BlackElo "2360"]
[PlyCount "55"]
[EventDate "1994.10.??"]
[EventType "swiss"]
[EventRounds "9"]
[EventCountry "RUS"]
[SourceTitle "CBM 043 Extra"]
[Source "ChessBase"]
[SourceDate "1995.01.01"]
[SourceVersion "1"]
[SourceVersionDate "1995.01.01"]
[SourceQuality "1"]

1. c4 e5 2. Nc3 Bb4 3. g3 Bxc3 4. bxc3 d6 5. Bg2 Nc6 6. e4 Nge7 7. Ne2 Be6 8. d3 0-0 9. 0-0 f5 10. exf5 Bxf5 11. h3 Be6 12. Kh2 d5 13. c5 Qd7 14. f4 b6 15. Qa4 bxc5 16. Ba3 Rab8 17. Bxc5 Rb2 18. Rae1 Rf7 19. Bxe7 Nxe7 20. Qxa7 Ng6 21. f5 Rxf5 22. Rxf5 Bxf5 23. Qa8+ Nf8 24. Bxd5+ Be6 25. Rf1 Rxe2+ 26. Kg1 h6 27. Rxf8+ Kh7 28. Be4+ 1-0

[Event "St Petersburg op"]
[Site "St Petersburg"]
[Date "1994.??.??"]
[Round "7"]
[White "Novik, Maxim"]
[Black "Kavalerov, Aleksandr"]
[Result "1/2-1/2"]
[WhiteElo "2480"]
[BlackElo "2325"]
[PlyCount "69"]
[EventDate "1994.02.??"]
[EventType "swiss"]
[EventRounds "9"]
[EventCountry "RUS"]
[SourceTitle "CBM 041"]
[Source "ChessBase"]
[SourceDate "1994.08.01"]
[SourceVersion "1"]
[SourceVersionDate "1994.08.01"]
[SourceQuality "1"]

1. d4 d5 2. c4 c6 3. Nf3 Nf6 4. Nc3 dxc4 5. a4 Bf5 6. e3 e6 7. Bxc4 Bb4 8. 0-0 Nbd7 9. Qe2 Bg6 10. e4 0-0 11. Bd3 Bh5 12. e5 Nd5 13. Ne4 Be7 14. a5 Rc8 15. Ng3 Bg6 16. Bxg6 fxg6 17. Ne4 Rf5 18. Bd2 Nb8 19. Ne1 c5 20. dxc5 Bxc5 21. Qb5 Qd7 22. Qxd7 Nxd7 23. Rc1 Rxe5 24. Nxc5 Rxc5 25. Nd3 Rxc1 26. Rxc1 Rf5 27. f3 Rf8 28. Kf1 h6 29. Ke2 a6 30. Rc4 g5 31. Rc2 Rd8 32. b4 Kf7 33. Nf2 Ne5 34. Ne4 Nc6 35. Rc4 1/2-1/2